Пропуск в контексте

Путешествие на Восток

Классическое произведение, относящееся к общественному достоянию.

שמור ב:
מידע ביבליוגרפי
מחבר ראשי: Вяземский П. А.
פורמט: Книга
שפה:Russian
יצא לאור: Санкт-Петербург Лань 2017
גישה מקוונת:https://e.lanbook.com/book/97021
https://e.lanbook.com/img/cover/book/97021.jpg
תגים: הוספת תג
אין תגיות, היה/י הראשונ/ה לתייג את הרשומה!
LEADER 00965nam0a2200241 i 4500
001 97021
003 RuSpLAN
005 20221220174001.0
008 221220s2017 ru gs 000 0 rus
020 |a 978-5-507-43551-7 
040 |a RuSpLAN 
041 0 |a rus 
044 |a ru 
245 0 0 |a Путешествие на Восток  |c Вяземский П. А. 
260 |a Санкт-Петербург  |b Лань  |c 2017 
300 |a 47 с. 
504 |a Библиогр.: доступна в карточке книги, на сайте ЭБС Лань 
520 8 |a Классическое произведение, относящееся к общественному достоянию. 
521 8 |a Книга из коллекции Лань - География 
100 1 |a Вяземский П. А. 
856 4 |u https://e.lanbook.com/book/97021 
856 4 8 |u https://e.lanbook.com/img/cover/book/97021.jpg 
953 |a https://e.lanbook.com/img/cover/book/97021.jpg 
Cannot write session to /tmp/vufind_sessions/sess_1e2jad7l8b6f02es2g5jet29rf